| 000 | 00878nam a2200229 a 4500 | ||
|---|---|---|---|
| 001 | BRCA_2193 | ||
| 005 | 20190320203717.0 | ||
| 008 | 231106c1986-------a---###---#000-0#eng-# | ||
| 020 | _a1879128004 | ||
| 050 | 4 |
_aND255 _b.A87 1990 |
|
| 245 | 1 | 0 |
_aAspects of Contemporary Mexican Painting _ccurated by Edward J. Sullivan. |
| 260 |
_aNew York _bAmericas Society _c1990 |
||
| 300 |
_a114 p. _bil. a color _c27 cm. |
||
| 500 | _aCatálogo de la exposición realizada en The Americas Society (New York), 13 septiembre - 31 diciembre, 1990 | ||
| 504 | _aBibliografía : p. 107 | ||
| 650 | 1 | 4 |
_aPintura moderna _vExposiciones _ySiglo XX _zMéxico _92098 |
| 650 | 1 | 4 |
_aArte figurativo _y1943-1988 _zMéxico _96610 |
| 650 | 1 | 4 |
_aArte abstracto _y1966-1989 _zMéxico _96611 |
| 650 | 1 | 4 |
_aPintores mexicanos _xExposiciones _ySiglo XX _96612 |
| 700 | 1 |
_aSullivan, Edward J _96613 |
|
| 942 |
_2lcc _cB |
||
| 999 |
_c1949 _d1949 |
||